00967nam a2200241 a 4500001001000000003000500010005001700015008004100032010001100073011001100084040000900095100003500104245015600139260004100295500006000336502012300396650001900519650003500538650002200573650002900595650003100624856007000655000110982CHAP20220329144153.0141104s2014 mx a fsm |||||||spa d a107444 a108416 cCHAP1 aCortes Torres, Karla Jaqueline10aDiseño y gestión de recursos para establecer una pequeña empresa en Texcoco, Estado de Méxicoh[En línea]cPor Karla Jaqueline Cortes Torres. aChapingo, Méx. :bEl autor,c2014. aPara ver el contenido del material haga clic en la liga aTesis (Lic. en Administración de Empresas Agropecuarias) -- UACH. División de Ciencias Económico-Administrativas14aLavanderías.14aPequeña y medianas empresas.14aProyecto Texcoco.14aProyectos de desarrollo.14aProyectosxFinanciamiento. aFinding aiduhttp://10.13.5.2/tesis/sist110982.pdfzTeclea aquí